International management
Guardat en:
| Autor principal: | |
|---|---|
| Format: | Llibre |
| Idioma: | anglès |
| Publicat: |
Nueva York
Holt, Rinehart and Winston
1967
|
| Col·lecció: | Basic Management Series
|
| Matèries: | |
| Etiquetes: |
Afegir etiqueta
Sense etiquetes, Sigues el primer a etiquetar aquest registre!
|
MARC
| LEADER | 00000nam a2200000 a 4500 | ||
|---|---|---|---|
| 001 | UCQ1782 | ||
| 003 | CL-VaPUC | ||
| 008 | 980721e19670000US |||||||||||||||||eng|d | ||
| 082 | 0 | 4 | |a 658.049 |b ROB |2 21 |
| 100 | 0 | |a Robinson, Richard D |e author |9 415587 | |
| 245 | 1 | 0 | |a International management |
| 300 | |a 178 p | ||
| 942 | |c BK | ||
| 945 | |d 19980721 00:00:00 |a cmena | ||
| 260 | |a Nueva York |b Holt, Rinehart and Winston |c 1967 | ||
| 650 | 0 | |a Administración de empresas |9 260833 | |
| 650 | 0 | |a Empresas |9 255569 | |
| 650 | 7 | |a COMERCIO INTERNACIONAL |2 CL-VaPUC |9 415588 | |
| 650 | 7 | |a PLANIFICACION Y CONTROL |2 CL-VaPUC |9 415589 | |
| 650 | 7 | |a ELABORACION DE POLITICAS |2 CL-VaPUC |9 335865 | |
| 650 | 7 | |a EMPRESAS TRANSNACIONALES |2 CL-VaPUC |9 341813 | |
| 583 | |a last modification |c 19980721 00:00:00 |k Rodrigo Vera | ||
| 490 | 0 | |a Basic Management Series | |
| 999 | |c 272626 |d 272624 | ||
| 952 | |0 0 |1 0 |4 0 |6 658_049000000000000_ROB_1967 |7 0 |8 P |9 307737 |a BIBGIM |b BIBGIM |d 2019-11-20 |i 1437984 |o 658.049 ROB 1967 |p 1437984 |r 2025-01-15 |w 2019-11-20 |y BK |k COM | ||